000
00307nam a22001337a 4500
008
181001b xxu||||| |||| 00| 0 eng d
020
_a
9781455700820
041
_a
eng
080
_2
6th
_a
610
100
_a
6
101
_a
ANE
245
_a
Anesthesia and Co-Existing disease
_c
Hines,R.L
942
_2
udc
_c
BK
999
_c
48752
_d
48752